Bài tập tự luyện CCNA trên máy tính cá nhân/

Salvato in:
Dettagli Bibliografici
Autore principale: Nguyễn Hồng Sơn
Natura: Libro
Lingua:Vietnamese
Pubblicazione: Lao động xã hội 2006
Tags: Aggiungi Tag
Nessun Tag, puoi essere il primo ad aggiungerne! !
Thư viện lưu trữ: Mạng thư viện Đại học Đà Nẵng
LEADER 00667nam a2200265 4500
001 000027049
003 BN
005 20150406120000.0
008 150406s vm 000 vie
020 |c 0,0000 
040 |a notts 
100 |a Nguyễn Hồng Sơn 
245 |a Bài tập tự luyện CCNA trên máy tính cá nhân/  |c Nguyễn Hồng Sơn chủ biên. 
260 |b Lao động xã hội  |c 2006 
OWN |a LTT 
999 |a From the UDN01 
TYP |a Monograph 
TYP |a Printed language 
980 |a Mạng thư viện Đại học Đà Nẵng